8000 Amazing things you should know

Bibliographic Details
Format: Book
Published: Essex : Miles Kelly Publishing Ltd. , 2016
Subjects:

MARC

LEADER 00000cam a2200000 7i4500
001 0000211556
005 20170705.0
020 |a 9781786170811 
090 0 0 |a 030   |b EIG 
245 0 0 |a 8000 Amazing things you should know 
260 |a Essex :   |b Miles Kelly Publishing Ltd. ,   |c 2016 
300 |a 511p. ;   |c 22cm. 
650 0 0 |a Curiosities and wonders 
999 |a 00343698   |b BUKU   |c JUNIOR BOOKS   |e PERPUSTAKAAN KOMUNITI CAW BANDAR UTAMA